000 01030nam a22002297a 4500
003 OSt
005 20250218152739.0
008 240914b ||||| |||| 00| 0 eng d
040 _c0
082 _aDPer 372.05 EL269 2021 v. 122 n. 1-4
100 _aKnate, Kaitlin Torphy.
_eauthor.
_961065
245 _aEducational research in the twenty-first century :
_bleveraging big data to explore teacher's professional behavior and educational resources accessed within pinterest /
_cKaitlin Torphy Knate, Hamid Karimi, Shihua Hu, Kenneth A. Frank, Jiliang Tang.
260 _aUSA ;
_bUnivirsity of Chicago Press,
_cSeptember 2021.
300 _avolume 122, pages 86-111,
_billustration.
500 _aThe Elementary School Journal, v. 122, n. 1, pages 86-111, September 2021
700 _aKnate, Kaitlin Torphy.
_eauthor.
_961065
700 _aKarimi, Hamid.
_eauthor.
_961066
700 _aHu, Shihua.
_eauthor.
_961067
700 _aFrank, Kenneth A.
_eauthor.
_961068
700 _aTang, Jiliang.
_eauthor.
_961069
942 _2ddc
_cPER
999 _c21634
_d21634